Cuentos de hadas de America del Norte / (Record no. 21823)

MARC details
000 -LEADER
campo de control de longitud fija 00446ntaaa2200157 4500
003 - IDENTIFICADOR DE NÚMERO DE CONTROL
campo de control 01
005 - FECHA Y HORA DE LA ÚLTIMA TRANSACCIÓN
campo de control 20251027202649.0
008 - DATOS DE LONGITUD FIJA--INFORMACIÓN GENERAL
campo de control de longitud fija 0714s1973 ag 01
040 ## - FUENTE DE CATALOGACIÓN
Centro catalogador/agencia de origen AR-BaBN
Lengua de catalogación spa
Centro/agencia transcriptor AR-BaBN
Normas de descripción aacr
Centro/agencia modificador RIC
082 ## - NÚMERO DE LA CLASIFICACIÓN DECIMAL DEWEY
Número de clasificación 392.2 M29
100 ## - ENTRADA PRINCIPAL--NOMBRE DE PERSONA
Nombre de persona Mallorqui Figuerola, José
9 (RLIN) 26135
245 ## - MENCIÓN DEL TÍTULO
Título Cuentos de hadas de America del Norte /
Mención de responsabilidad, etc. José Mallorqui Figuerola
260 ## - PUBLICACIÓN, DISTRIBUCIÓN, ETC.
Lugar de publicación, distribución, etc. Barcelona :
Nombre del editor, distribuidor, etc. Edit. Molino,
Fecha de publicación, distribución, etc. c1958
300 ## - DESCRIPCIÓN FÍSICA
Extensión 94 p. ;
Dimensiones 29 cm.
942 ## - ELEMENTOS DE ENTRADA SECUNDARIOS (KOHA)
Tipo de ítem Koha Colección General
Holdings
Estatus retirado Estado de pérdida Estado de daño No para préstamo Biblioteca de origen Biblioteca actual Fecha de adquisición Número de inventario Total de préstamos Signatura topográfica completa Código de barras Visto por última vez Precio de reemplazo Tipo de ítem Koha
        Biblioteca Pluis Biblioteca Pluis 27/10/2025 009539   392.2 M29 009539 27/10/2025 27/10/2025 Colección General